[Event "GER-CupT 2122 prel7"]
[Site "Augsburg"]
[Date "2022.03.26"]
[Round "1.2"]
[White "Nies, Peter"]
[Black "Hofer, Markus"]
[Result "1-0"]
[WhiteElo "2039"]
[BlackElo "2058"]
[PlyCount "85"]
[EventDate "2022.03.26"]
[EventType "team-k.o."]
[EventRounds "2"]
[EventCountry "GER"]
[SourceTitle "EXT 2023"]
[Source "ChessBase"]
[SourceDate "2022.10.05"]
[SourceVersion "1"]
[SourceVersionDate "2022.10.05"]
[SourceQuality "1"]
[WhiteTeam "Gernsheim"]
[BlackTeam "Leinfelden"]
[WhiteTeamCountry "GER"]
[BlackTeamCountry "GER"]

1. e4 Nf6 2. e5 Nd5 3. Nc3 Nxc3 4. dxc3 d6 5. Bf4 Nc6 6. Bb5 Bd7 7. Qe2 Nxe5 8. Bxe5 dxe5 9. 0-0-0 c6 10. Nf3 f6 11. Bc4 Qc7 12. Rxd7 Kxd7 13. Ng5 fxg5 14. Qg4+ Kd6 15. Rd1+ Kc5 16. Rd7 Qb8 17. Be6 b5 18. Qb4+ Kb6 19. c4 Qd6 20. c5+ Qxc5 21. Rb7+ Kxb7 22. Qxc5 Rd8 23. a4 Rd6 24. Qxe5 bxa4 25. c4 h5 26. c5 Rd8 27. Qc3 Rh6 28. Qb4+ Ka8 29. Qa5 Rb8 30. Bd7 Kb7 31. Qxa4 e5 32. b4 Rd8 33. Bf5 Rd4 34. Qa3 Rf6 35. Bd3 e4 36. Ba6+ Kb8 37. Qg3+ Bd6 38. cxd6 Rfxd6 39. Qe5 Kc7 40. Qxg7+ Rd7 41. Qe5+ R7d6 42. Qxg5 Rxb4 43. Qe7+ 1-0

[Event "Rhein Main op-A 22nd"]
[Site "Bad Homburg"]
[Date "2019.06.20"]
[Round "2"]
[White "Stork, Christopher"]
[Black "Nies, Peter"]
[Result "1/2-1/2"]
[WhiteElo "1817"]
[BlackElo "2060"]
[PlyCount "129"]
[EventDate "2019.06.19"]
[EventType "swiss"]
[EventRounds "9"]
[EventCountry "GER"]
[SourceTitle "EXT 2020"]
[Source "ChessBase"]
[SourceDate "2019.10.17"]
[SourceVersion "1"]
[SourceVersionDate "2019.10.17"]
[SourceQuality "1"]

1. e4 e6 2. d4 d5 3. Nc3 Nf6 4. Bg5 dxe4 5. Nxe4 Nbd7 6. Nf3 Be7 7. Nxf6+ Bxf6 8. Bxf6 Qxf6 9. Bd3 0-0 10. 0-0 e5 11. Re1 exd4 12. Nxd4 Nc5 13. Bxh7+ Kxh7 14. Qh5+ Kg8 15. Qxc5 b6 16. Qd5 Rb8 17. Nc6 Bb7 18. Ne7+ Qxe7 19. Rxe7 Bxd5 20. Rxc7 Rb7 21. Rc3 Re8 22. f3 Rbe7 23. Rd1 Re1+ 24. Rxe1 Rxe1+ 25. Kf2 Re7 26. b3 Be6 27. Rd3 Kf8 28. g4 Rd7 29. Rc3 Ke7 30. Ke3 Kd6 31. Rd3+ Kc5 32. Rxd7 Bxd7 33. a3 a5 34. h4 f6 35. Ke4 a4 36. bxa4 Kc4 37. h5 Bxa4 38. Kf5 Bxc2+ 39. Ke6 Bd1 40. Kf7 Bxf3 41. Kxg7 Bxg4 42. h6 Bf5 43. Kxf6 Bh7 44. Ke6 Kb3 45. Kd5 Ka4 46. Kc6 Ka5 47. Kc7 Be4 48. Kd6 Ka4 49. Kc7 Kb5 50. Kd6 Kc4 51. Ke5 Bc2 52. Kd6 Kb5 53. Kd5 Bb3+ 54. Kd6 Bg8 55. Kc7 Bh7 56. Kd6 Ka4 57. Kc6 b5 58. Kb6 Bd3 59. Kc5 Ka5 60. Kd4 Bh7 61. Kc5 Ka6 62. Kb4 Bc2 63. a4 bxa4 64. h7 Bxh7 65. Kxa4 1/2-1/2

[Event "Hessen-chA"]
[Site "Frankfurt"]
[Date "2019.05.30"]
[Round "1"]
[White "Nies, Peter"]
[Black "Voellinger, Florian"]
[Result "1-0"]
[WhiteElo "2060"]
[BlackElo "1871"]
[PlyCount "45"]
[EventDate "2019.05.30"]
[EventType "swiss"]
[EventRounds "7"]
[EventCountry "GER"]
[SourceTitle "EXT 2020"]
[Source "ChessBase"]
[SourceDate "2019.10.17"]
[SourceVersion "1"]
[SourceVersionDate "2019.10.17"]
[SourceQuality "1"]

1. e4 e5 2. Nf3 d5 3. Nxe5 Bd6 4. d4 dxe4 5. Nc4 Nf6 6. Nxd6+ Qxd6 7. Be2 0-0 8. 0-0 Bf5 9. Na3 Nc6 10. c3 Nd5 11. Nc4 Qd7 12. Ne3 Bg6 13. Nxd5 Qxd5 14. Bf4 Rac8 15. Qb3 Qf5 16. Bg3 Nd8 17. h3 h5 18. Rae1 Kh7 19. Bc4 Qg5 20. Qa3 Re8 21. h4 Qg4 22. Re3 f5 23. Be2 1-0

[Event "Hessen-chA"]
[Site "Frankfurt"]
[Date "2019.05.30"]
[Round "2"]
[White "Schmitt, Carsten1111"]
[Black "Nies, Peter"]
[Result "1/2-1/2"]
[WhiteElo "1912"]
[BlackElo "2060"]
[PlyCount "42"]
[EventDate "2019.05.30"]
[EventType "swiss"]
[EventRounds "7"]
[EventCountry "GER"]
[SourceTitle "EXT 2020"]
[Source "ChessBase"]
[SourceDate "2019.10.17"]
[SourceVersion "1"]
[SourceVersionDate "2019.10.17"]
[SourceQuality "1"]

1. c4 Nf6 2. g3 c6 3. Bg2 d5 4. Nf3 Bf5 5. Qb3 Qb6 6. d3 e6 7. Be3 Qxb3 8. axb3 a6 9. 0-0 Nbd7 10. Nd4 Bg6 11. Nc2 Be7 12. h3 0-0 13. f4 h5 14. Nd2 Rfd8 15. Nf3 Rac8 16. Kh1 Nc5 17. Ncd4 Ncd7 18. Nh4 Bh7 19. Ndf3 Nc5 20. Bxc5 Bxc5 21. Ne5 Be7 1/2-1/2

[Event "Oberliga Ost-B 1819"]
[Site "Germany"]
[Date "2018.11.11"]
[Round "3.5"]
[White "Staller, Peter"]
[Black "Nies, Peter"]
[Result "1/2-1/2"]
[WhiteElo "2254"]
[BlackElo "2070"]
[PlyCount "40"]
[EventDate "2018.10.21"]
[EventType "team-tourn"]
[EventRounds "11"]
[EventCountry "GER"]
[SourceTitle "EXT 2020"]
[Source "ChessBase"]
[SourceDate "2019.10.17"]
[SourceVersion "1"]
[SourceVersionDate "2019.10.17"]
[SourceQuality "1"]
[WhiteTeam "Nied Koenig"]
[BlackTeam "Gernsheim"]
[WhiteTeamCountry "GER"]
[BlackTeamCountry "GER"]

1. d4 e6 2. Nf3 Nf6 3. Bg5 d5 4. Nbd2 Be7 5. e3 0-0 6. Bd3 b6 7. Ne5 Bb7 8. c3 Ne4 9. Bxe7 Qxe7 10. Qc2 f6 11. Nef3 f5 12. Ne5 Nd7 13. Nxd7 Qxd7 14. Nf3 a5 15. Ne5 Qe7 16. 0-0 c5 17. f3 Nf6 18. a4 Nd7 19. Nxd7 Qxd7 20. Kh1 Ba6 1/2-1/2

[Event "Oberliga Ost-B 1718"]
[Site "Germany"]
[Date "2017.11.12"]
[Round "3.5"]
[White "Rolle, Eric"]
[Black "Nies, Peter"]
[Result "1/2-1/2"]
[WhiteElo "2196"]
[BlackElo "2087"]
[PlyCount "59"]
[EventDate "2017.10.22"]
[EventType "team-tourn"]
[EventRounds "11"]
[EventCountry "GER"]
[SourceTitle "EXT 2019"]
[Source "ChessBase"]
[SourceDate "2018.10.10"]
[SourceVersion "1"]
[SourceVersionDate "2018.10.10"]
[SourceQuality "1"]
[WhiteTeam "Marburg"]
[BlackTeam "Gernsheim"]
[WhiteTeamCountry "GER"]
[BlackTeamCountry "GER"]

1. Nf3 Nf6 2. c4 e6 3. g3 b6 4. Bg2 Bb7 5. 0-0 Be7 6. d4 0-0 7. Nc3 d5 8. Ne5 Nbd7 9. Qa4 Nxe5 10. dxe5 Ne4 11. Rd1 Nxc3 12. bxc3 c6 13. cxd5 cxd5 14. c4 Qc7 15. Bb2 Rfd8 16. cxd5 Bxd5 17. Bxd5 Rxd5 18. Rxd5 exd5 19. e6 fxe6 20. Qg4 Bc5 21. Qxe6+ Qf7 22. Qxf7+ Kxf7 23. Rd1 Rd8 24. Rd3 g6 25. Rf3+ Ke6 26. Rf6+ Ke7 27. Rf4 Ke6 28. e3 Rc8 29. Ra4 Rc7 30. Kg2 1/2-1/2

[Event "Hessenliga 1516"]
[Site "Germany"]
[Date "2016.01.17"]
[Round "5.3"]
[White "Dios, Erwin Michael"]
[Black "Nies, Peter"]
[Result "1-0"]
[WhiteElo "2086"]
[BlackElo "2056"]
[PlyCount "133"]
[EventDate "2015.09.27"]
[EventType "team-tourn"]
[EventRounds "9"]
[EventCountry "GER"]
[SourceTitle "EXT 2018"]
[Source "ChessBase"]
[SourceDate "2017.10.13"]
[SourceVersion "1"]
[SourceVersionDate "2017.10.13"]
[SourceQuality "1"]
[WhiteTeam "Giessen II"]
[BlackTeam "Gernsheim"]
[WhiteTeamCountry "GER"]
[BlackTeamCountry "GER"]

1. Nf3 e6 2. g3 b6 3. Bg2 Bb7 4. 0-0 Nf6 5. d3 Be7 6. e4 d5 7. Nbd2 0-0 8. e5 Nfd7 9. Re1 Re8 10. Nf1 c5 11. h4 f6 12. exf6 Bxf6 13. N1h2 Nc6 14. Ng4 Qc7 15. Ng5 Qd6 16. c3 Rad8 17. Qb3 Nf8 18. Bf4 Qd7 19. Bh3 Ba6 20. Qd1 h6 21. Nf3 h5 22. Nge5 Nxe5 23. Bxe5 Qf7 24. Qe2 Qg6 25. Rad1 Kh8 26. Kh2 Nd7 27. Bc7 Rc8 28. Bf4 Rcd8 29. Bc7 Rc8 30. Bf4 Rcd8 31. Qd2 Nf8 32. Bc7 Rd7 33. Be5 Rdd8 34. Bc7 Rd7 35. Bf4 Rde7 36. Ne5 Bxe5 37. Rxe5 Nd7 38. Rg5 Qh7 39. Qe2 g6 40. Bd6 Rf7 41. f4 Rf6 42. Rxd5 Qf7 43. Rg5 Kh7 44. Qe4 Rf5 45. Re1 Nf6 46. Qe2 Qd7 47. Be5 Bxd3 48. Qd1 Rxg5 49. hxg5 Ng8 50. g4 c4 51. gxh5 Qf7 52. hxg6+ Qxg6 53. Qg4 Qf7 54. Qh4+ Kg6 55. Bg4 Qh7 56. Qxh7+ Kxh7 57. Bd4 Rf8 58. Kg3 Ne7 59. Bxe6 Kg6 60. Rh1 Nf5+ 61. Bxf5+ Kxf5 62. Rh7 Re8 63. Rf7+ Kg6 64. Rf6+ Kh7 65. f5 Re2 66. Rh6+ Kg8 67. g6 1-0

[Event "Karl Mala Memorial op 15th"]
[Site "Frankfurt"]
[Date "2012.07.06"]
[Round "3"]
[White "Kersten, Uwe"]
[Black "Nies, Peter"]
[Result "1/2-1/2"]
[WhiteElo "2331"]
[BlackElo "2006"]
[PlyCount "46"]
[EventDate "2012.07.05"]
[EventType "swiss"]
[EventRounds "7"]
[EventCountry "GER"]
[SourceTitle "CBM 149 Extra"]
[Source "ChessBase"]
[SourceDate "2012.08.24"]
[SourceVersion "1"]
[SourceVersionDate "2012.08.24"]
[SourceQuality "1"]

1. d4 e6 2. c4 Nf6 3. Nc3 c5 4. d5 exd5 5. cxd5 d6 6. e4 g6 7. f4 Bg7 8. Bb5+ Nfd7 9. a4 0-0 10. Nf3 Na6 11. 0-0 Nb4 12. Bxd7 Bxd7 13. f5 gxf5 14. Bg5 Qc7 15. Nh4 h6 16. Bf4 c4 17. Nxf5 Bxf5 18. exf5 Qc5+ 19. Kh1 Nd3 20. f6 Bxf6 21. Bxd6 Nf2+ 22. Rxf2 Qxf2 23. Ne4 Qxb2 1/2-1/2

[Event "Karl Mala Memorial op 15th"]
[Site "Frankfurt"]
[Date "2012.07.05"]
[Round "1"]
[White "Groetzinger, Waldemar"]
[Black "Nies, Peter"]
[Result "0-1"]
[WhiteElo "1550"]
[BlackElo "2006"]
[PlyCount "76"]
[EventDate "2012.07.05"]
[EventType "swiss"]
[EventRounds "7"]
[EventCountry "GER"]
[SourceTitle "CBM 149 Extra"]
[Source "ChessBase"]
[SourceDate "2012.08.24"]
[SourceVersion "1"]
[SourceVersionDate "2012.08.24"]
[SourceQuality "1"]

1. f4 e6 2. Nf3 c5 3. d3 Nc6 4. g3 g6 5. Bg2 Bg7 6. c3 Nge7 7. 0-0 0-0 8. e4 d5 9. e5 Nf5 10. Na3 Rb8 11. Qe1 h5 12. h3 b5 13. g4 Nh6 14. gxh5 gxh5 15. Nh4 b4 16. Nc2 bxc3 17. bxc3 Ba6 18. Qg3 Kh8 19. c4 Ne7 20. Ba3 dxc4 21. Bxc5 Nef5 22. Nxf5 Nxf5 23. Qf3 cxd3 24. Nb4 Rxb4 25. Bxb4 Qd4+ 26. Kh2 Qxb4 27. Qxh5+ Kg8 28. Qg5 d2 29. Rfb1 Qd4 30. Bf3 Qf2+ 31. Qg2 Qxg2+ 32. Kxg2 Ne3+ 33. Kf2 Nc2 34. Bh5 Rc8 35. Be2 Bxe2 36. Kxe2 Nxa1 37. Kxd2 Rc2+ 38. Kd3 Rxa2 0-1

[Event "Main Vogelsberg op 4th"]
[Site "Heusenstamm"]
[Date "2009.04.30"]
[Round "1"]
[White "Nies, Peter"]
[Black "Pomeranets, Igor"]
[Result "1-0"]
[WhiteElo "2089"]
[BlackElo "1516"]
[PlyCount "71"]
[EventDate "2009.04.30"]
[EventType "swiss"]
[EventRounds "7"]
[EventCountry "GER"]
[SourceTitle "CBM 130 Extra"]
[Source "ChessBase"]
[SourceDate "2009.07.02"]
[SourceVersion "2"]
[SourceVersionDate "2009.07.15"]
[SourceQuality "1"]

1. e4 c5 2. Nc3 Nc6 3. f4 e6 4. Nf3 d5 5. Bb5 dxe4 6. Bxc6+ bxc6 7. Nxe4 Nf6 8. Qe2 Be7 9. 0-0 0-0 10. d3 Rb8 11. Kh1 Ba6 12. Ne5 Rb6 13. a4 Nxe4 14. Qxe4 Qd5 15. Qxd5 cxd5 16. Nd7 Rfb8 17. Nxb6 Rxb6 18. b3 Bb7 19. Bd2 Rc6 20. Rab1 h6 21. b4 c4 22. b5 Rc8 23. d4 Bf6 24. c3 Kh7 25. Bc1 Be7 26. Ra1 Kg6 27. Ba3 Bxa3 28. Rxa3 Kf5 29. Ra2 Re8 30. g3 g6 31. Kg2 h5 32. Rb2 Rh8 33. a5 Ke4 34. Rf3 h4 35. g4 h3+ 36. Kg3 1-0

[Event "Karl Mala Memorial op 10th"]
[Site "Griesheim"]
[Date "2006.07.23"]
[Round "6"]
[White "Dorst, Johannes"]
[Black "Nies, Peter"]
[Result "1-0"]
[WhiteElo "2127"]
[BlackElo "1989"]
[PlyCount "111"]
[EventDate "2006.07.20"]
[EventType "swiss"]
[EventRounds "7"]
[EventCountry "GER"]
[SourceTitle "CBM 113 Extra"]
[Source "ChessBase"]
[SourceDate "2006.09.14"]
[SourceVersion "1"]
[SourceVersionDate "2006.09.14"]
[SourceQuality "1"]

1. e4 e6 2. d4 d5 3. Nc3 Nf6 4. e5 Nfd7 5. f4 c5 6. Nf3 Nc6 7. Be3 Qb6 8. Na4 Qa5+ 9. c3 cxd4 10. b4 Nxb4 11. cxb4 Bxb4+ 12. Bd2 Bxd2+ 13. Nxd2 b6 14. Bd3 Nc5 15. Nb2 Qc3 16. Qb1 Bb7 17. Ke2 Ne4 18. Nf3 Rc8 19. Rc1 0-0 20. Nd1 Qa5 21. Qb5 Qa3 22. Qb2 Nc3+ 23. Kf1 Qa4 24. Qc2 Ba6 25. Nb2 Qa5 26. Bxa6 Qxa6+ 27. Qd3 Qa5 28. Nxd4 Ne4 29. a3 Rc5 30. Rc2 Rxc2 31. Qxc2 h6 32. Nb3 Qb5+ 33. Kg1 Nc5 34. Nd4 Qd7 35. Rc1 Qe7 36. Nd3 Ne4 37. Qb2 Qh4 38. Nf3 Qe7 39. Qb4 Qb7 40. Nd4 Qa6 41. Nf2 Rc8 42. Rxc8+ Qxc8 43. Qb2 Qc4 44. Nxe4 dxe4 45. Qd2 b5 46. h3 Qa4 47. Qe3 Qd1+ 48. Kh2 Qb1 49. Ne2 a5 50. Ng3 b4 51. axb4 Qxb4 52. Qxe4 Qa3 53. Qa8+ Kh7 54. Qe8 a4 55. Qxf7 Qe3 56. Nh5 1-0

[Event "Karl Mala Memorial op 10th"]
[Site "Griesheim"]
[Date "2006.07.21"]
[Round "2"]
[White "Francke, Helmut"]
[Black "Nies, Peter"]
[Result "0-1"]
[WhiteElo "2119"]
[BlackElo "1989"]
[PlyCount "84"]
[EventDate "2006.07.20"]
[EventType "swiss"]
[EventRounds "7"]
[EventCountry "GER"]
[SourceTitle "CBM 113 Extra"]
[Source "ChessBase"]
[SourceDate "2006.09.14"]
[SourceVersion "1"]
[SourceVersionDate "2006.09.14"]
[SourceQuality "1"]

1. Nf3 Nf6 2. g3 g6 3. Bg2 Bg7 4. d3 d5 5. 0-0 0-0 6. c3 b6 7. Bf4 Nbd7 8. Na3 Re8 9. Ne5 Bb7 10. Bf3 Nh5 11. Bxh5 Nxe5 12. d4 gxh5 13. Bxe5 Bxe5 14. dxe5 Qd7 15. Qd4 Qf5 16. Qf4 Qh3 17. f3 Kh8 18. Nb5 Rg8 19. Nxc7 Rac8 20. Nb5 h4 21. g4 Rg7 22. Rf2 Rcg8 23. Rg2 h5 24. g5 Rg6 25. Nd4 f6 26. Qf5 Qxg2+ 27. Kxg2 Rxg5+ 28. Qxg5 Rxg5+ 29. Kh3 fxe5 30. Nb5 Bc6 31. Nxa7 Bd7+ 32. Kxh4 Rg8 33. a4 Ra8 34. Kxh5 Rxa7 35. Kg6 Rxa4 36. Rd1 Be6 37. e4 dxe4 38. Rd8+ Bg8 39. fxe4 Rxe4 40. Kf5 Re2 41. b4 e6+ 42. Kg4 Rxh2 0-1

[Event "Karl Mala Memorial op 09th"]
[Site "Frankfurt"]
[Date "2005.07.30"]
[Round "4"]
[White "Nies, Peter"]
[Black "Jamali, Wahid"]
[Result "1-0"]
[WhiteElo "1977"]
[BlackElo "1619"]
[PlyCount "87"]
[EventDate "2005.07.28"]
[EventType "swiss"]
[EventRounds "7"]
[EventCountry "GER"]
[SourceTitle "EXT 2006"]
[Source "ChessBase"]
[SourceDate "2005.11.24"]
[SourceVersion "1"]
[SourceVersionDate "2005.11.24"]
[SourceQuality "1"]

1. e4 e6 2. d4 d5 3. e5 c5 4. c3 Nc6 5. Nf3 Qb6 6. a3 a5 7. a4 cxd4 8. cxd4 Nge7 9. Bd3 Bd7 10. Bc2 Nb4 11. 0-0 Nxc2 12. Qxc2 Rc8 13. Qe2 Nf5 14. Be3 Be7 15. Nc3 0-0 16. Rfd1 Bb4 17. Qd3 h6 18. Bf4 Rc4 19. g4 Ne7 20. Qe3 Ng6 21. Bxh6 gxh6 22. Qxh6 Be7 23. Rab1 Qd8 24. Rd3 Re8 25. Ne2 Bf8 26. Qh5 Be7 27. Nd2 Rc2 28. Rh3 Bg5 29. Nf3 Rxe2 30. Nxg5 Qe7 31. Qh7+ Kf8 32. Rf3 f5 33. Qxg6 Qg7 34. Nh7+ Kg8 35. Nf6+ Kf8 36. Qxg7+ Kxg7 37. Nxd7 fxg4 38. Rg3 Rc8 39. Rxg4+ Kh6 40. Nc5 Rc6 41. Rc1 b6 42. Rc3 Kh5 43. Rg8 Kh4 44. Kg2 1-0